<?xml version="1.0" encoding="UTF-8"?>
<record
    xmlns:xsi="http://www.w3.org/2001/XMLSchema-instance"
    xsi:schemaLocation="http://www.loc.gov/MARC21/slim http://www.loc.gov/standards/marcxml/schema/MARC21slim.xsd"
    xmlns="http://www.loc.gov/MARC21/slim">

  <leader>00304    a2200109   4500</leader>
  <datafield tag="020" ind1=" " ind2=" ">
    <subfield code="a">9789352705801</subfield>
  </datafield>
  <datafield tag="100" ind1=" " ind2=" ">
    <subfield code="a">Sreevani Rentala</subfield>
    <subfield code="9">180024</subfield>
  </datafield>
  <datafield tag="245" ind1=" " ind2=" ">
    <subfield code="a">Basics in Nursing Research and Biostatistics</subfield>
  </datafield>
  <datafield tag="250" ind1=" " ind2=" ">
    <subfield code="a">1</subfield>
  </datafield>
  <datafield tag="260" ind1=" " ind2=" ">
    <subfield code="b">Jaypee Brothers Medical Publisher</subfield>
    <subfield code="c">2022</subfield>
  </datafield>
  <datafield tag="999" ind1=" " ind2=" ">
    <subfield code="c">158814</subfield>
    <subfield code="d">158814</subfield>
  </datafield>
  <datafield tag="650" ind1=" " ind2=" ">
    <subfield code="a">NURSING RESEARCH</subfield>
    <subfield code="9">181742</subfield>
  </datafield>
  <datafield tag="952" ind1=" " ind2=" ">
    <subfield code="0">0</subfield>
    <subfield code="1">0</subfield>
    <subfield code="2">ddc</subfield>
    <subfield code="4">0</subfield>
    <subfield code="7">0</subfield>
    <subfield code="a">SNCN</subfield>
    <subfield code="b">SNCN</subfield>
    <subfield code="d">2023-05-19</subfield>
    <subfield code="e">102</subfield>
    <subfield code="g">559.50</subfield>
    <subfield code="l">6</subfield>
    <subfield code="o">618.7/REN</subfield>
    <subfield code="p">SNCN-BK-3188</subfield>
    <subfield code="q">2026-04-21</subfield>
    <subfield code="r">2026-04-02 16:35:19</subfield>
    <subfield code="s">2026-04-02</subfield>
    <subfield code="v">895.00</subfield>
    <subfield code="w">2023-05-19</subfield>
    <subfield code="y">BK</subfield>
    <subfield code="z">3188</subfield>
  </datafield>
  <datafield tag="952" ind1=" " ind2=" ">
    <subfield code="0">0</subfield>
    <subfield code="1">0</subfield>
    <subfield code="2">ddc</subfield>
    <subfield code="4">0</subfield>
    <subfield code="7">0</subfield>
    <subfield code="a">SNCN</subfield>
    <subfield code="b">SNCN</subfield>
    <subfield code="d">2023-05-19</subfield>
    <subfield code="e">102</subfield>
    <subfield code="g">559.50</subfield>
    <subfield code="l">12</subfield>
    <subfield code="m">1</subfield>
    <subfield code="o">618.7/REN</subfield>
    <subfield code="p">SNCN-BK-3187</subfield>
    <subfield code="q">2026-06-01</subfield>
    <subfield code="r">2026-05-13 11:14:21</subfield>
    <subfield code="s">2026-05-13</subfield>
    <subfield code="v">895.00</subfield>
    <subfield code="w">2023-05-19</subfield>
    <subfield code="y">BK</subfield>
    <subfield code="z">3187</subfield>
  </datafield>
  <datafield tag="952" ind1=" " ind2=" ">
    <subfield code="0">0</subfield>
    <subfield code="1">0</subfield>
    <subfield code="2">ddc</subfield>
    <subfield code="4">0</subfield>
    <subfield code="7">0</subfield>
    <subfield code="a">SNCN</subfield>
    <subfield code="b">SNCN</subfield>
    <subfield code="d">2025-08-21</subfield>
    <subfield code="l">4</subfield>
    <subfield code="p">SNCN-CB-88</subfield>
    <subfield code="q">2026-06-01</subfield>
    <subfield code="r">2026-05-13 11:17:43</subfield>
    <subfield code="s">2026-05-13</subfield>
    <subfield code="w">2025-08-22</subfield>
    <subfield code="y">CB</subfield>
  </datafield>
</record>
